Szczegóły MARC21

Metody sprawnego zarządzania : planowanie, organizowanie, motywowanie, kontrola /

003 -Nazwa inst., której nr kontr. jest w polu 001 [,]
    • @
    • Nazwa instytucji, której n kontrolny jest w polu 001
    • NUKAT
005 -DATA I CZAS OSTATNIEJ MODYFIKACJI [,]
    • @
    • pole kontrolne
    • 20241231092658.0
020 -Międzynarod. znormalizowany nr książki - ISBN [ , ]
    • a
    • Numer ISBN
    • 8385428240 Find
040 -Instytucja sporządzająca opis [ , ]
    • a
    • Instytucja, która sporządziła opis (NP)
    • GD 015/JK
    • c
    • Instytucja, która sporządziła rekord (NP)
    • GD 015/JK
    • d
    • Instytucja, która zmodyfikowała rekord (P)
    • GD 015/GP
    • d
    • Instytucja, która zmodyfikowała rekord (P)
    • GD U/AEKs
942 -Rodzaj dokumentu [ , ]
    • c
    • Rodzaj dokumentu
    • Książka
245 -Strefa tytułu i oznaczenia odpowiedzialności [0,0]
    • a
    • Tytuł
    • Metody sprawnego zarządzania : Find
    • b
    • Ciąg dalszy tytułu (NP)
    • planowanie, organizowanie, motywowanie, kontrola / Find
    • c
    • Pozostałe elementy strefy tytułu i oznaczenia odpowiedzialności (NP)
    • Henryk Bieniok i zespół ; [aut. Jolanta Bieda et al.].
246 -Wariant tytułu [1,4]
    • a
    • Tytuł (NP)
    • Jak zarządzać w praktyce
250 -Strefa wydania [ , ]
    • a
    • Oznaczenie wydania (NP)
    • Wyd. 2.
260 -Strefa adresu wydawniczego [ , ]
    • a
    • Miejsce wydania (P)
    • Warszawa :
    • b
    • Nazwa wydawcy (P)
    • Agencja Wydawnicza "Placet",
    • c
    • Data wydania (P)
    • 1999.
300 -Strefa opisu fizycznego [ , ]
    • a
    • Określenie formy książki i/lub objętość (NP)
    • 294 s. :
    • b
    • Oznaczenie ilustracji (NP)
    • il. ;
    • c
    • Format (NP)
    • 24 cm.
336 -Typ zawartości [ , ]
    • a
    • Termin opisujący typ zawartości
    • Tekst
    • b
    • Kod określający zawartość
    • txt
    • 2
    • Źródło (terminu i kodu)
    • rdacontent
337 -Typ mediów [ , ]
    • a
    • Tryb odtwarzania
    • Bez urządzenia pośredniczącego
    • b
    • Kod typu mediów
    • n
    • 2
    • Źródło (terminu i kodu)
    • rdamedia
338 -Typ/rodzaj nośnika [ , ]
    • a
    • Hasło opisujące typ nośnika
    • Wolumin
    • b
    • Kod typu nośnika
    • nc
    • 2
    • Źródło (terminu i kodu)
    • rdacarrier
490 -Strefa serii i książki wielotomowej - forma nie do wyszukiwania [1, ]
    • a
    • Tytuł (P)
    • Biblioteka Biznesmena Find
830 -Hasło dodatkowe serii i opisu książki wielotomowej - tytuł ujednolicony/tytuł [ ,0]
    • a
    • Tytuł ujednolicony/tytuł (NP)
    • Biblioteka Biznesmena
    • 9
    • KHW
    • 463
504 -Uwaga dot. bibliogr. załącznikowej [ , ]
    • a
    • Uwaga dot. bibliografii załącznikowej
    • Bibliogr. przy rozdz. Indeks.
080 -Uniwersalna Klasyfikacja Dziesiętna [ , ]
    • a
    • Symbol klasyfikacji
    • 65.012.4
080 -Uniwersalna Klasyfikacja Dziesiętna [ , ]
    • a
    • Symbol klasyfikacji
    • :658.1/.5.012.4
650 -Hasło przedmiotowe [ ,7]
    • a
    • Hasło przedmiotowe
    • Zarządzanie.
    • 2
    • Źródło terminu
    • kaba
    • 9
    • KHW
    • 137503
980 -Symbol UKD [ , ]
    • a
    • UKD
    • 65.012.4:658.1/.5.012.4
700 -Hasło dodatkowe - nazwa osobowa [1, ]
    • a
    • Nazwa osobowa (NP)
    • Bieniok, Henryk Find
    • d
    • Daty biograficzne (NP)
    • (1940- ).
    • 9
    • KHW
    • 24468
700 -Hasło dodatkowe - nazwa osobowa [1, ]
    • a
    • Nazwa osobowa (NP)
    • Bieda, Jolanta. Find
    • 9
    • KHW
    • 53440
710 -Hasło dodatkowe - nazwa ciała zbiorowego [2, ]
    • a
    • Nazwa ciała zbiorowego lub nazwa geograficzna jako pierwszy element (NP)
    • Agencja Wydawniczo-Poligraficzna Placet.
    • 4
    • Kod relacji
    • pbl
    • 9
    • KHW
    • 64652
920 -ISBN [ , ]
    • a
    • ISBN
    • 83-85428-24-0 Find
Status udost. Numer inwentarzowy Sygnatura Lokalizacja Data inwentaryzacji
-2E.66287 BE1999-09-27
2S.84267 BE1999-09-27
-3S.84268 BE1999-09-27
-6S.84269 BE1999-09-27
-2GW.6381005GW2016-02-23
-3T.877T.877T1999-09-07
-3T.878T.878T1999-09-07
-3T.879T.879T1999-09-07
-3T.2206T.2206T2000-04-17
-3T.2207T.2207T2000-04-17
-3T.2208T.2208T2000-04-17
-3T.2817T.2817T2000-06-27
-3T.2818T.2818T2000-06-27
-3T.2819T.2819T2000-06-27
-3T.2820T.2820T2000-06-27
-3T.2821T.2821T2000-06-27
-3T.4828T.4828T2001-03-20
-3T.4829T.4829T2001-03-20
-3T.4830T.4830T2001-03-20
-3T.4831T.4831T2001-03-20
-3T.4832T.4832T2001-03-20
-3T.4833T.4833T2001-03-20
-3T.4834T.4834T2001-03-20
-3T.4835T.4835T2001-03-20